Professional development for the position of industrial teacher education department leader.

Bibliographic Details
Main Author: Rider, Betty Luanne
Other Authors: Albanese, Robert (degree committee member.), Baker, Glenn E. (degree committee member.), Christiansen, James E. (degree committee member.), Gutcher, G. Dale (degree committee member.)
Format: Thesis Book
Language:English
Published: 1987.
Subjects:
Online Access:Link to ProQuest copy
Link to OAKTrust copy

MARC

Tag First Indicator Second Indicator Subfields
LEADER 00000ctm a2200000Ia 4500
001 in00000020441
005 20220104090748.0
008 880713s1987 xx bm 000 0 eng d
035 |9 AAB3357AM 
035 |a (OCoLC)18208102 
035 |a (OCoLC)ocm18208102 
040 |a TXA  |b eng  |c TXA  |d OCLCQ  |d UMI  |d OCLCO  |d OCLCF  |d TXA 
049 |a TXAM 
099 |a 1987  |a Dissertation  |a R544 
100 1 |a Rider, Betty Luanne. 
245 1 0 |a Professional development for the position of industrial teacher education department leader. 
264 1 |c 1987. 
300 |a viii, 145 leaves ;  |c 29 cm 
336 |a text  |b txt  |2 rdacontent 
337 |a unmediated  |b n  |2 rdamedia 
338 |a volume  |b nc  |2 rdacarrier 
500 |a Typescript (photocopy). 
500 |a Vita. 
502 |b Ph. D. in Industrial Education  |c Texas A & M University  |d 1987 
504 |a Includes bibliographical references (leaves 109-115). 
520 3 |a The purpose of this study was to prepare a professional development plan for industrial teacher educators who aspire to the position of department leader. Ninety-eight (70% of a sample of 140) industrial teacher education department leaders responded to the survey instrument on professional development. Respondents rated the two most appropriate activities and time frames in one's career for professional development in preparation for fulfilling 36 identified areas of responsibility from Marshall's (1984) study. Respondents were asked to choose at least one of the three time frames (pre-service, orientation, or in-service) and the two most appropriate development activities from the list of seven (internship, mentoring, graduate courses, university seminars, management institutes, professional seminars, and on-the-job training) for each of the 36 areas of responsibility. Chi-square tests revealed few significant differences between responses from leaders of large departments and responses from leaders of small departments. Also, few significant differences were found between responses from leaders of departments with doctoral programs and responses from leaders of departments with no doctoral program. Frequency tabulations identified on-the-job training as the development activity having the highest frequency of first choice response for 30 of the 36 areas of responsibility. Graduate courses and professional seminars each received the highest frequency rating for three areas of responsibility. Two conclusions were drawn from the data: (a) on-the-job training is the most appropriate professional development activity, and (b) the position of department leader is a job for which one cannot adequately prepare before assuming the leadership role. The professional development plan was prepared using the highest frequencies and second highest frequencies of first choice responses. Pre-service development activities should include graduate study, professional seminars, university seminars, and mentoring. Development activities during orientation should include professional seminars, university seminars, and mentoring. In-service professional development activities should include on-the-job training, professional seminars, university seminars, mentoring, and management institutes. Specific areas of competency development were suggested for each activity. 
650 0 |a College department heads  |x Training of. 
650 0 |a Technical education. 
650 0 |a Universities and colleges  |x Administration. 
650 4 |a Major industrial education. 
655 7 |a Academic theses  |2 lcgft 
700 1 |a Albanese, Robert,  |e degree committee member. 
700 1 |a Baker, Glenn E.,  |e degree committee member. 
700 1 |a Christiansen, James E.,  |e degree committee member. 
700 1 |a Gutcher, G. Dale,  |e degree committee member. 
700 1 |a Householder, Daniel L.,  |e degree supervisor. 
710 2 |a Texas A & M University,  |e degree granting institution. 
856 4 1 |u http://proxy.library.tamu.edu/login?url=http://proquest.umi.com/pqdweb?did=754007061&sid=1&Fmt=2&clientId=2945&RQT=309&VName=PQD  |z Link to ProQuest copy  |t 0 
856 4 1 |u https://hdl.handle.net/1969.1/DISSERTATIONS-26856  |z Link to OAKTrust copy  |t 0 
994 |a C0  |b TXA 
999 f f |s b0abe962-4376-39d1-8a11-4d0f51a1a5d8  |i 6f35cfb8-2944-303c-9ee4-fd80c52c1683  |t 0 
952 f f |p noncirc  |a Texas A&M University  |b J.J. Pickle Campus  |c High Density Repository  |s HDR  |d Remote Storage  |t 0  |e 1987 Dissertation R544  |h Other scheme  |i unmediated -- volume  |m A14839622674 
952 f f |a Texas A&M University  |b College Station  |c Electronic Resources  |s www_evans  |d Available Online  |t 0  |e 1987 Dissertation R544  |h Other scheme 
998 f f |a 1987 Dissertation R544  |t 0  |l Available Online 
998 f f |a 1987 Dissertation R544  |t 0  |l Remote Storage